| 000 | 00401nam a22001457a 4500 | ||
|---|---|---|---|
| 008 | 230605b xxu||||| |||| 00| 0 eng d | ||
| 020 | _a996646963 x | ||
| 082 |
_a330.967 _bOCH |
||
| 100 | _cW.R. Ochieng' | ||
| 245 |
_aAn Economic History Of Kenya _cW.R. Ochieng' |
||
| 260 |
_aNairobi _bEast African Educational Publishers Ltd _c1992 |
||
| 300 | _a460 p | ||
| 700 |
_cR.M. Maxon _d1992 |
||
| 942 |
_2ddc _cBK |
||
| 999 |
_c321 _d321 |
||